000 00498nam a2200181Ia 4500
003 GCL
008 140319s9999 xx 000 0 ara d
040 _aGCL /
_cGCL
082 0 4 _a737.6
_bI T
245 1 0 _aTHAI POSTAGE STAMPS CATALOGUE
260 _aتايلانــد :
_bINTERNATIONAL HOUSE OF STAMPS ،
_c2000
300 _a28 CM ؛
_c293 P
650 0 4 _aPOSTAGE STAMPS
650 0 4 _aCOLLECTORS AND COLLECTING
650 0 4 _aSTAMP COLLECTING
650 0 4 _aSTAMP - THAILAND
942 _2ddc
_cBK
999 _c5872
_d5872